[Event "CAN-op U2000 (Pinnacle 48th CAN Op Ch)"]
[Site "Toronto CAN"]
[Date "2011.07.16"]
[Round "8"]
[White "Haziprodromu, Sam"]
[Black "Siddeley, Hugh"]
[Result "1/2-1/2"]
[WhiteElo "1843"]
[BlackElo "1996"]
[PlyCount "79"]
[GameId "2160767909703794"]
[EventDate "2011.07.09"]
[EventType "swiss"]
[EventRounds "9"]
[EventCountry "CAN"]
[SourceTitle "EXT 2022"]
[Source "ChessBase"]
[SourceDate "2021.10.06"]
[SourceVersion "1"]
[SourceVersionDate "2021.10.06"]
[SourceQuality "1"]

1. e4 c5 2. Nc3 Nc6 3. g3 g6 4. Bg2 Bg7 5. Nge2 d6 6. O-O Rb8 7. d3 Bd7 8. Be3 Nd4 9. Qd2 b5 10. Nd1 e6 11. f4 f5 12. c3 Nxe2+ 13. Qxe2 Ne7 14. Nf2 O-O 15. Rfd1 b4 16. d4 bxc3 17. bxc3 cxd4 18. cxd4 Qa5 19. Rac1 Rfc8 20. Rxc8+ Bxc8 21. g4 Ba6 22. Qc2 Rc8 23. Qb3 Bc4 24. Qb2 Qxa2 25. Qb7 Bf8 26. d5 exd5 27. gxf5 gxf5 28. exf5 Qb3 29. Qd7 Qxe3 30. f6 Rb8 31. fxe7 Bxe7 32. Bh3 d4 33. Qxa7 Rf8 34. Qxd4 Qxf4 35. Ne4 Bf7 36. Kh1 h6 37. Nxd6 Qxd4 38. Rxd4 Rd8 39. Rg4+ Kf8 40. Nxf7 1/2-1/2

[Event "CAN-op U2000 (Pinnacle 48th CAN Op Ch)"]
[Site "Toronto CAN"]
[Date "2011.07.16"]
[Round "8"]
[White "Laporte, Richard"]
[Black "Ali, Shafkat"]
[Result "0-1"]
[WhiteElo "1606"]
[BlackElo "1823"]
[PlyCount "27"]
[GameId "2160767909703795"]
[EventDate "2011.07.09"]
[EventType "swiss"]
[EventRounds "9"]
[EventCountry "CAN"]
[SourceTitle "EXT 2022"]
[Source "ChessBase"]
[SourceDate "2021.10.06"]
[SourceVersion "1"]
[SourceVersionDate "2021.10.06"]
[SourceQuality "1"]

1. e4 e5 2. Nf3 Nc6 3. Bc4 Bc5 4. c3 Nf6 5. d4 exd4 6. cxd4 Bb4+ 7. Nc3 d5 8. exd5 Nxd5 9. O-O Nce7 10. Nxd5 Nxd5 11. Bxd5 Qxd5 12. Qa4+ Kd8 13. Qxb4 a5 14. Qf8+ 0-1

[Event "CAN-op U2000 (Pinnacle 48th CAN Op Ch)"]
[Site "Toronto CAN"]
[Date "2011.07.16"]
[Round "8"]
[White "Medvedev, Gennadi"]
[Black "Renteria, Manuela"]
[Result "1-0"]
[WhiteElo "1639"]
[BlackElo "1922"]
[PlyCount "83"]
[GameId "2160767909703796"]
[EventDate "2011.07.09"]
[EventType "swiss"]
[EventRounds "9"]
[EventCountry "CAN"]
[SourceTitle "EXT 2022"]
[Source "ChessBase"]
[SourceDate "2021.10.06"]
[SourceVersion "1"]
[SourceVersionDate "2021.10.06"]
[SourceQuality "1"]

1. e4 c5 2. Nf3 d6 3. c3 a6 4. d4 cxd4 5. cxd4 Nf6 6. Bd3 e6 7. Bd2 b5 8. Nc3 Bb7 9. a3 Nbd7 10. Rc1 Rc8 11. Bg5 Be7 12. h3 h6 13. Bf4 Nb6 14. Qe2 O-O 15. O-O Kh8 16. Rfe1 Nh7 17. Na2 Qd7 18. Qd2 g5 19. Bh2 h5 20. Qe2 Rg8 21. e5 d5 22. Nd2 g4 23. hxg4 hxg4 24. Bf4 Bg5 25. Qxg4 Bxf4 26. Qxf4 Rg7 27. Rxc8+ Qxc8 28. Nf3 Qg8 29. g3 Rg4 30. Qe3 Nc4 31. Qe2 Ng5 32. Kg2 Nxf3 33. Qxf3 Nxb2 34. Rh1+ Kg7 35. Qxg4+ Kf8 36. Qxg8+ Kxg8 37. Be2 Nc4 38. Rc1 Kg7 39. Nb4 Kg6 40. g4 Kg5 41. Kg3 a5 42. Nd3 1-0

[Event "CAN-op U2000 (Pinnacle 48th CAN Op Ch)"]
[Site "Toronto CAN"]
[Date "2011.07.16"]
[Round "8"]
[White "Moran-Venegas, Mario"]
[Black "Morgan, Bryan"]
[Result "1-0"]
[WhiteElo "1864"]
[BlackElo "1562"]
[PlyCount "137"]
[GameId "2160767909703797"]
[EventDate "2011.07.09"]
[EventType "swiss"]
[EventRounds "9"]
[EventCountry "CAN"]
[SourceTitle "EXT 2022"]
[Source "ChessBase"]
[SourceDate "2021.10.06"]
[SourceVersion "1"]
[SourceVersionDate "2021.10.06"]
[SourceQuality "1"]

1. e4 e5 2. Nf3 Nc6 3. Bb5 d6 4. d4 Bd7 5. d5 Nb8 6. Qe2 c6 7. Bd3 Nf6 8. c4 Na6 9. Bd2 Nc7 10. Nc3 a6 11. O-O Be7 12. Rac1 O-O 13. a4 c5 14. a5 Rb8 15. Nh4 Nfxd5 16. exd5 Bxh4 17. Ne4 Bf5 18. g3 Bf6 19. Nxc5 Bxd3 20. Nxd3 Re8 21. Be3 Qd7 22. b3 Be7 23. Rfd1 f5 24. f4 exf4 25. Nxf4 Bf6 26. Qf2 Be5 27. Nd3 Bf6 28. Re1 Re7 29. Bb6 Rbe8 30. Nf4 Re4 31. Rxe4 Rxe4 32. Re1 Qe7 33. Rxe4 Qxe4 34. Qe2 Bd4+ 35. Bxd4 Qxd4+ 36. Kg2 Qf6 37. Qe3 g5 38. Nh3 g4 39. Nf4 Qb2+ 40. Ne2 Qe5 41. Qxe5 dxe5 42. d6 Ne6 43. b4 Kf8 44. c5 Ke8 45. Nc3 Kd7 46. Kf2 h5 47. Nd5 f4 48. gxf4 Nxf4 49. Nf6+ Kc6 50. Kg3 Nd3 51. Nd5 Kd7 52. Kh4 Nf4 53. Nf6+ Kc6 54. Nxh5 Nd5 55. Kxg4 Nxb4 56. Nf6 Kxc5 57. d7 Nc6 58. h4 Kd6 59. h5 Ke6 60. Kg5 Kf7 61. h6 Nd8 62. h7 Kg7 63. Kf5 Nc6 64. Ke4 Kh8 65. Kd5 Kg7 66. Kd6 Kh8 67. Kc7 e4 68. Nxe4 Kxh7 69. d8=Q 1-0

[Event "CAN-op U2000 (Pinnacle 48th CAN Op Ch)"]
[Site "Toronto CAN"]
[Date "2011.07.16"]
[Round "8"]
[White "Nickoloff, Steve"]
[Black "Yang, Bryant"]
[Result "1/2-1/2"]
[WhiteElo "1872"]
[BlackElo "1618"]
[PlyCount "98"]
[GameId "2160767909703798"]
[EventDate "2011.07.09"]
[EventType "swiss"]
[EventRounds "9"]
[EventCountry "CAN"]
[SourceTitle "EXT 2022"]
[Source "ChessBase"]
[SourceDate "2021.10.06"]
[SourceVersion "1"]
[SourceVersionDate "2021.10.06"]
[SourceQuality "1"]

1. e4 e5 2. Nf3 Nc6 3. Bb5 a6 4. Ba4 Nf6 5. Bxc6 dxc6 6. d3 Bc5 7. Bg5 Qd6 8. Nbd2 Bg4 9. h3 Bxf3 10. Qxf3 Nd7 11. Nc4 Qe6 12. Bd2 Qe7 13. a3 Qf6 14. Qxf6 gxf6 15. b4 Bb6 16. Be3 c5 17. c3 O-O-O 18. Ke2 Ba7 19. Rhd1 Kb8 20. f4 h5 21. Rf1 Rhg8 22. Rf2 cxb4 23. Bxa7+ Kxa7 24. cxb4 exf4 25. Rg1 Ne5 26. Rxf4 Rxd3 27. Nxe5 fxe5 28. Kxd3 exf4 29. e5 Rg3+ 30. Ke4 f3 31. Kf4 Rxg2 32. Rf1 f2 33. Kf3 Rg1 34. Rxf2 Ra1 35. Ke4 Rxa3 36. Rxf7 Rxh3 37. e6 Rh1 38. Rf3 Rh4+ 39. Ke5 Rh1 40. Rf4 h4 41. e7 h3 42. e8=Q h2 43. Kf5 Rb1 44. Rh4 Rf1+ 45. Kg4 Rg1+ 46. Kf3 h1=Q+ 47. Rxh1 Rxh1 48. Qe3+ Kb8 49. Qe7 Rd1 1/2-1/2

[Event "CAN-op U2000 (Pinnacle 48th CAN Op Ch)"]
[Site "Toronto CAN"]
[Date "2011.07.16"]
[Round "8"]
[White "O'Bumsawin, Nicholas"]
[Black "Strugach, Alexander"]
[Result "0-1"]
[WhiteElo "1831"]
[BlackElo "1963"]
[PlyCount "39"]
[GameId "2160767909703799"]
[EventDate "2011.07.09"]
[EventType "swiss"]
[EventRounds "9"]
[EventCountry "CAN"]

1. e4 e5 2. Nf3 Nf6 3. Nxe5 d6 4. Nf3 Nxe4 5. Nc3 Nxc3 6. dxc3 Be7 7. Bf4 Nc6 8. Qd2 Be6 9. O-O-O a6 10. Ng5 Bxg5 11. Bxg5 f6 12. Re1 Qd7 13. Bc4 Ne5 14. Bxe6 Qxe6 15. f4 Qxa2 16. Qd3 O-O-O 17. Qf5+ Kb8 18. Bh4 Nc4 19. Kd1 Rhe8 20. Re4 0-1

[Event "CAN-op U2000 (Pinnacle 48th CAN Op Ch)"]
[Site "Toronto CAN"]
[Date "2011.07.16"]
[Round "8"]
[White "Philip, Andrew"]
[Black "Jubenville, Mark"]
[Result "1/2-1/2"]
[WhiteElo "1596"]
[BlackElo "1790"]
[PlyCount "105"]
[GameId "2160767909703800"]
[EventDate "2011.07.09"]
[EventType "swiss"]
[EventRounds "9"]
[EventCountry "CAN"]
[SourceTitle "EXT 2022"]
[Source "ChessBase"]
[SourceDate "2021.10.06"]
[SourceVersion "1"]
[SourceVersionDate "2021.10.06"]
[SourceQuality "1"]

1. d4 d5 2. Bg5 Nd7 3. Nf3 Ngf6 4. Nbd2 e6 5. e3 Be7 6. Bd3 O-O 7. O-O c5 8. c3 c4 9. Bc2 h6 10. Bxf6 Nxf6 11. e4 Bd7 12. e5 Nh7 13. Ne1 b5 14. Qb1 f5 15. exf6 Nxf6 16. Bg6 Bd6 17. f4 Ng4 18. g3 Ne3 19. Rf2 Nf5 20. Nef3 Rf6 21. Bxf5 Rxf5 22. Qe1 Qc7 23. Nf1 Raf8 24. Ne3 R5f6 25. Re2 Rg6 26. Ne5 Bxe5 27. fxe5 Qd8 28. Rf2 h5 29. Rxf8+ Qxf8 30. Qf2 Qe7 31. Rf1 Be8 32. Kh1 Rh6 33. Ng2 Bg6 34. h4 Bd3 35. Rd1 g5 36. hxg5 Qxg5 37. Nh4 Rh7 38. Qf4 Qe7 39. Kh2 Rf7 40. Qe3 Qf8 41. Rd2 Qg7 42. Rf2 Rxf2+ 43. Qxf2 Qg4 44. Qf3 Bf5 45. Qxg4+ Bxg4 46. Ng2 Kg7 47. Ne3 Kg6 48. Kg2 Be2 49. Kf2 Bd3 50. Kf3 Kg5 51. a3 Be4+ 52. Ke2 h4 53. Kf2 1/2-1/2

[Event "CAN-op U2000 (Pinnacle 48th CAN Op Ch)"]
[Site "Toronto CAN"]
[Date "2011.07.16"]
[Round "8"]
[White "Sametova, Zhanna"]
[Black "Fletcher, David"]
[Result "1-0"]
[WhiteElo "1647"]
[BlackElo "1449"]
[PlyCount "87"]
[GameId "2160767909703801"]
[EventDate "2011.07.09"]
[EventType "swiss"]
[EventRounds "9"]
[EventCountry "CAN"]
[SourceTitle "EXT 2022"]
[Source "ChessBase"]
[SourceDate "2021.10.06"]
[SourceVersion "1"]
[SourceVersionDate "2021.10.06"]
[SourceQuality "1"]

1. e4 c5 2. Nf3 d6 3. d4 cxd4 4. Nxd4 Nc6 5. Nc3 Nxd4 6. Qxd4 e5 7. Qd1 Nf6 8. Bg5 Be7 9. Bxf6 Bxf6 10. Bb5+ Bd7 11. Qd2 Bxb5 12. Nxb5 Be7 13. Rd1 O-O 14. O-O Qb6 15. c4 Rfd8 16. Nc3 Qa5 17. Qe2 Rd7 18. Rd5 Qd8 19. Rfd1 Bf8 20. Qd3 Qf6 21. Nb5 a6 22. Nxd6 Bxd6 23. Rxd6 Rxd6 24. Qxd6 Qxd6 25. Rxd6 Kf8 26. f3 Ke7 27. Rd5 f6 28. Kf2 b6 29. g3 Rc8 30. b3 Ke6 31. Ke3 g6 32. f4 h5 33. h4 Re8 34. Kf3 f5 35. Rxe5+ Kf7 36. Rxe8 Kxe8 37. exf5 gxf5 38. Ke3 Kd7 39. Kd4 Kd6 40. b4 a5 41. bxa5 bxa5 42. a4 Ke6 43. c5 Kd7 44. Kd5 1-0

[Event "CAN-op U2000 (Pinnacle 48th CAN Op Ch)"]
[Site "Toronto CAN"]
[Date "2011.07.16"]
[Round "8"]
[White "Sly, Douglas"]
[Black "Renteria, Alejandro"]
[Result "1/2-1/2"]
[WhiteElo "1545"]
[BlackElo "1465"]
[PlyCount "110"]
[GameId "2160767909703802"]
[EventDate "2011.07.09"]
[EventType "swiss"]
[EventRounds "9"]
[EventCountry "CAN"]
[SourceTitle "EXT 2022"]
[Source "ChessBase"]
[SourceDate "2021.10.06"]
[SourceVersion "1"]
[SourceVersionDate "2021.10.06"]
[SourceQuality "1"]

1. d4 Nf6 2. Nf3 g6 3. Bf4 d6 4. Nbd2 Bg7 5. h3 Nfd7 6. e4 Nc6 7. Be3 e5 8. d5 Nd4 9. c3 Nxf3+ 10. Nxf3 a6 11. Bd3 O-O 12. Qd2 Re8 13. g4 Nc5 14. O-O-O Bd7 15. Bc2 Ba4 16. b3 Bd7 17. b4 Na4 18. Rdg1 Nb6 19. Bd3 Bb5 20. h4 Nc4 21. Bxc4 Bxc4 22. h5 a5 23. b5 Qd7 24. a4 Bb3 25. hxg6 fxg6 26. Ng5 Bxa4 27. c4 c6 28. dxc6 bxc6 29. b6 c5 30. Bxc5 dxc5 31. Qxd7 Bxd7 32. Rxh7 Bf6 33. Rxd7 Bxg5+ 34. Kc2 Re7 35. Rd5 Rf8 36. Rg2 Rc8 37. Rg1 Bf4 38. Ra1 Re6 39. b7 Rb8 40. Rxc5 Rxb7 41. Rcxa5 Reb6 42. Ra8+ Rb8 43. Rxb8+ Rxb8 44. Kc3 Rb7 45. Rd1 Kf7 46. c5 Rc7 47. Kc4 Ke7 48. Rd3 Rd7 49. Rd5 Rxd5 50. exd5 Kd7 51. f3 Kc7 52. Kb5 Bg5 53. Kc4 Kd7 54. Kd3 Bf6 55. Ke4 Bg7 1/2-1/2

[Event "CAN-op U2000 (Pinnacle 48th CAN Op Ch)"]
[Site "Toronto CAN"]
[Date "2011.07.16"]
[Round "8"]
[White "Solis, Jaime"]
[Black "Leblanc, Paul"]
[Result "0-1"]
[WhiteElo "1717"]
[BlackElo "1924"]
[PlyCount "100"]
[GameId "2160767909703803"]
[EventDate "2011.07.09"]
[EventType "swiss"]
[EventRounds "9"]
[EventCountry "CAN"]
[SourceTitle "EXT 2022"]
[Source "ChessBase"]
[SourceDate "2021.10.06"]
[SourceVersion "1"]
[SourceVersionDate "2021.10.06"]
[SourceQuality "1"]

1. e4 c6 2. d4 d5 3. e5 g6 4. Nf3 Bg7 5. Be2 h5 6. c3 Nh6 7. Bf4 O-O 8. Nbd2 Bf5 9. O-O e6 10. Nb3 Nd7 11. h3 Rc8 12. Re1 f6 13. exf6 Qxf6 14. Qd2 Nf7 15. Bg3 Bh6 16. Qd1 Rce8 17. Bd6 Nxd6 18. Rf1 e5 19. dxe5 Nxe5 20. Nbd4 Nxf3+ 21. Nxf3 Re7 22. Nd4 Bd7 23. Bf3 Kh7 24. Nb3 Qh4 25. Nc5 Bc8 26. b4 Ref7 27. g3 Qxh3 28. Bg2 Qg4 29. Qd3 Qc4 30. Rad1 Re8 31. a4 Qxd3 32. Nxd3 Rfe7 33. Ra1 Bg7 34. Ra3 Nc4 35. Rb3 Nd2 36. Rfb1 Nxb1 37. Rxb1 Bxc3 38. Rc1 Re1+ 39. Nxe1 Rxe1+ 40. Rxe1 Bxe1 41. b5 Bf5 42. bxc6 bxc6 43. Kf1 Ba5 44. f3 Bc2 45. g4 h4 46. f4 Bd2 47. f5 gxf5 48. gxf5 Bxf5 49. Ke2 Bb4 50. Ke3 Bc5+ 0-1

[Event "CAN-op U2000 (Pinnacle 48th CAN Op Ch)"]
[Site "Toronto CAN"]
[Date "2011.07.16"]
[Round "8"]
[White "Stavropoulos, Greg"]
[Black "Triefeldt, Jack"]
[Result "1-0"]
[WhiteElo "1872"]
[BlackElo "1714"]
[PlyCount "100"]
[GameId "2160767909703804"]
[EventDate "2011.07.09"]
[EventType "swiss"]
[EventRounds "9"]
[EventCountry "CAN"]
[SourceTitle "EXT 2022"]
[Source "ChessBase"]
[SourceDate "2021.10.06"]
[SourceVersion "1"]
[SourceVersionDate "2021.10.06"]
[SourceQuality "1"]

1. c4 c5 2. Nf3 Nf6 3. Nc3 Nc6 4. g3 g6 5. Bg2 Bg7 6. O-O O-O 7. d3 d6 8. Bg5 h6 9. Bd2 Bd7 10. h3 a6 11. Rb1 Rb8 12. Qc1 Kh7 13. Nd5 e6 14. Nxf6+ Qxf6 15. a3 e5 16. Ne1 Nd4 17. Qd1 Bc6 18. e4 Qd8 19. Bc3 f5 20. Bxd4 exd4 21. exf5 Rxf5 22. Be4 Bxe4 23. dxe4 Re5 24. f3 Qg5 25. Kh2 Ree8 26. h4 Qh5 27. Kg2 g5 28. hxg5 Qxg5 29. Qc1 Qxc1 30. Rxc1 b5 31. Rf2 bxc4 32. Rxc4 a5 33. Nd3 Rb3 34. Nf4 Reb8 35. Ra4 R8b5 36. Kh3 Bf6 37. Nd5 Bd8 38. f4 Rxb2 39. Rxb2 Rxb2 40. Rc4 d3 41. Rc3 d2 42. Rd3 a4 43. Kg4 Ba5 44. Kf3 Rb1 45. Ne3 Rc1 46. Rxd6 c4 47. e5 h5 48. e6 Kg8 49. e7 Kf7 50. Re6 Ke8 1-0

[Event "CAN-op U2000 (Pinnacle 48th CAN Op Ch)"]
[Site "Toronto CAN"]
[Date "2011.07.16"]
[Round "8"]
[White "Tonakanian, Stephan"]
[Black "Palmer, Jordan"]
[Result "0-1"]
[WhiteElo "1974"]
[BlackElo "1947"]
[PlyCount "120"]
[GameId "2160767909703805"]
[EventDate "2011.07.09"]
[EventType "swiss"]
[EventRounds "9"]
[EventCountry "CAN"]
[SourceTitle "EXT 2022"]
[Source "ChessBase"]
[SourceDate "2021.10.06"]
[SourceVersion "1"]
[SourceVersionDate "2021.10.06"]
[SourceQuality "1"]

1. d4 b6 2. Nf3 Bb7 3. c4 e6 4. Nc3 Bb4 5. Qc2 Ne7 6. a3 Bxc3+ 7. bxc3 O-O 8. Bg5 f6 9. Bh4 Nf5 10. Bg3 Nxg3 11. hxg3 f5 12. e3 d6 13. Bd3 Nd7 14. g4 g6 15. gxf5 exf5 16. O-O-O Qe7 17. Rh2 Nf6 18. Rdh1 Rf7 19. Ng5 Rg7 20. Kb2 Ng4 21. Nh3 Nxh2 22. Rxh2 a6 23. Nf4 Be4 24. d5 Bxd3 25. Qxd3 Qe4 26. Qd4 b5 27. Ne6 Qxd4 28. cxd4 Re7 29. Rh1 bxc4 30. Kc3 Rb8 31. Rc1 Kf7 32. Rc2 c6 33. Nf4 g5 34. Nh3 cxd5 35. Nxg5+ Kf6 36. Nh3 Reb7 37. Nf4 Rb3+ 38. Kd2 R8b5 39. a4 Ra5 40. Ra2 Rb4 41. Kc3 Rbxa4 42. Nxd5+ Ke6 43. Nf4+ Kd7 44. Rb2 Rb5 45. Rc2 d5 46. f3 Kd6 47. Nh5 Rb3+ 48. Kd2 Rd3+ 49. Ke2 Raa3 50. Kf2 Rxe3 51. Ng7 Red3 52. Nxf5+ Ke6 53. Ng3 Rxd4 54. Ne2 Rh4 55. g3 Rh2+ 56. Kg1 Rh6 57. Kg2 Kd6 58. f4 Kc5 59. g4 Rh4 60. g5 d4 0-1

[Event "CAN-op U2000 (Pinnacle 48th CAN Op Ch)"]
[Site "Toronto CAN"]
[Date "2011.07.16"]
[Round "8"]
[White "Verde, Pino"]
[Black "Dowling, Bruce"]
[Result "0-1"]
[WhiteElo "1660"]
[BlackElo "1847"]
[PlyCount "68"]
[GameId "2160767909703806"]
[EventDate "2011.07.09"]
[EventType "swiss"]
[EventRounds "9"]
[EventCountry "CAN"]
[SourceTitle "EXT 2022"]
[Source "ChessBase"]
[SourceDate "2021.10.06"]
[SourceVersion "1"]
[SourceVersionDate "2021.10.06"]
[SourceQuality "1"]

1. Nf3 f5 2. Nc3 Nf6 3. d3 d5 4. Bg5 e6 5. e3 c6 6. Be2 Bd6 7. d4 Nbd7 8. g3 e5 9. dxe5 Nxe5 10. Nd4 Bd7 11. f4 Nf7 12. Bxf6 Qxf6 13. Bd3 Bc7 14. Na4 Bd6 15. c3 b5 16. Qc2 g6 17. O-O O-O 18. g4 Qe7 19. Rae1 Nh6 20. gxf5 Nxf5 21. e4 Nxd4 22. cxd4 bxa4 23. exd5 Qh4 24. dxc6 Rae8 25. Bc4+ Kg7 26. d5 Rxe1 27. Qc3+ Kg8 28. Rxe1 Bc8 29. Kh1 Qxf4 30. Qg3 Qxg3 31. hxg3 Kg7 32. Kg2 Rf7 33. Re8 Bg4 34. c7 Rxc7 0-1

[Event "CAN-op U2000 (Pinnacle 48th CAN Op Ch)"]
[Site "Toronto CAN"]
[Date "2011.07.16"]
[Round "8"]
[White "Yang, Yimang"]
[Black "Cooke, Matthew W"]
[Result "0-1"]
[WhiteElo "1706"]
[BlackElo "1799"]
[PlyCount "62"]
[GameId "2160767909703807"]
[EventDate "2011.07.09"]
[EventType "swiss"]
[EventRounds "9"]
[EventCountry "CAN"]
[SourceTitle "EXT 2022"]
[Source "ChessBase"]
[SourceDate "2021.10.06"]
[SourceVersion "1"]
[SourceVersionDate "2021.10.06"]
[SourceQuality "1"]

1. b4 Nf6 2. Bb2 d5 3. e3 e6 4. b5 c5 5. c4 Nbd7 6. Nf3 Qc7 7. Qb3 b6 8. d4 Bb7 9. Nbd2 cxd4 10. Nxd4 Nc5 11. Qc2 dxc4 12. Nxc4 Be4 13. Qc3 Nd3+ 14. Bxd3 Bxd3 15. Nd2 Rc8 16. a4 Qd7 17. Nc6 Ne4 18. f3 Nc5 19. Qc1 Nxa4 20. Rxa4 Bxb5 21. Rxa7 Qxc6 22. Qxc6+ Bxc6 23. O-O Bc5 24. Kf2 Rd8 25. Nb3 O-O 26. Rc1 Bb5 27. Rc2 Bd3 28. Rc1 Bb5 29. Nd4 e5 30. Nb3 Bd6 31. Nd2 Bb8 0-1

[Event "CAN-op U2000 (Pinnacle 48th CAN Op Ch)"]
[Site "Toronto CAN"]
[Date "2011.07.16"]
[Round "8"]
[White "Yu, Patrick"]
[Black "Song, Eric"]
[Result "0-1"]
[WhiteElo "1796"]
[BlackElo "1488"]
[PlyCount "112"]
[GameId "2160767909703808"]
[EventDate "2011.07.09"]
[EventType "swiss"]
[EventRounds "9"]
[EventCountry "CAN"]
[SourceTitle "EXT 2022"]
[Source "ChessBase"]
[SourceDate "2021.10.06"]
[SourceVersion "1"]
[SourceVersionDate "2021.10.06"]
[SourceQuality "1"]

1. e4 e5 2. Nf3 Nc6 3. Bb5 a6 4. Ba4 Nf6 5. O-O Be7 6. Re1 b5 7. Bb3 d6 8. h3 Na5 9. c3 Nxb3 10. axb3 Bb7 11. d3 O-O 12. Nbd2 Re8 13. Nf1 c5 14. Ng3 Bc8 15. d4 Qc7 16. d5 Qd8 17. Nd2 Bf8 18. Ndf1 h6 19. Ne3 Kh7 20. Bd2 g6 21. b4 c4 22. b3 cxb3 23. Qxb3 Bd7 24. Ra5 Qb6 25. Rea1 Rec8 26. Qa2 h5 27. h4 Ne8 28. Rxa6 Rxa6 29. Qxa6 Qd8 30. c4 Nc7 31. Qa2 Qxh4 32. cxb5 Bxb5 33. Rc1 Ra8 34. Qb2 Ne8 35. Nd1 Qd8 36. Nc3 Bd7 37. Be3 Rb8 38. b5 Bg7 39. Ba7 Rb7 40. b6 h4 41. Nf1 h3 42. g3 Bh6 43. Rb1 f5 44. Qe2 f4 45. Na2 Qg5 46. Nb4 Bg4 47. Qe1 fxg3 48. Nxg3 Bf3 49. Kh2 Nf6 50. Qc3 Ng4+ 51. Kg1 h2+ 52. Kf1 Ne3+ 53. Ke1 Qxg3 54. fxg3 h1=Q+ 55. Kd2 Nxd5+ 56. Kc2 Qg2+ 0-1

[Event "CAN-op U2000 (Pinnacle 48th CAN Op Ch)"]
[Site "Toronto CAN"]
[Date "2011.07.17"]
[Round "9"]
[White "Allen, Ted"]
[Black "Del Duca, Giuseppe1"]
[Result "1-0"]
[WhiteElo "1564"]
[BlackElo "1374"]
[PlyCount "55"]
[GameId "2160767909703809"]
[EventDate "2011.07.09"]
[EventType "swiss"]
[EventRounds "9"]
[EventCountry "CAN"]
[SourceTitle "EXT 2022"]
[Source "ChessBase"]
[SourceDate "2021.10.06"]
[SourceVersion "1"]
[SourceVersionDate "2021.10.06"]
[SourceQuality "1"]

1. e4 e5 2. Nf3 Nc6 3. Bc4 h6 4. Nc3 Bc5 5. d3 Nf6 6. O-O Qe7 7. a3 d6 8. h3 a6 9. Ne2 Bd7 10. b4 Ba7 11. c3 Be6 12. Bb3 g5 13. Nh2 Nh5 14. Bxe6 Qxe6 15. d4 Qd7 16. Be3 Ne7 17. Ng3 Ng7 18. Ng4 O-O-O 19. Qb3 f5 20. exf5 Nexf5 21. Nf6 Qe7 22. Nd5 Qd7 23. Ne4 Qe6 24. b5 exd4 25. bxa6 b6 26. Qc4 Rd7 27. Qc6 Rdd8 28. Qxc7# 1-0

[Event "CAN-op U2000 (Pinnacle 48th CAN Op Ch)"]
[Site "Toronto CAN"]
[Date "2011.07.17"]
[Round "9"]
[White "Beal, Greg"]
[Black "Bergeron, Florian"]
[Result "0-1"]
[WhiteElo "1777"]
[BlackElo "1728"]
[PlyCount "60"]
[GameId "2160767909703810"]
[EventDate "2011.07.09"]
[EventType "swiss"]
[EventRounds "9"]
[EventCountry "CAN"]
[SourceTitle "EXT 2022"]
[Source "ChessBase"]
[SourceDate "2021.10.06"]
[SourceVersion "1"]
[SourceVersionDate "2021.10.06"]
[SourceQuality "1"]

1. e4 Nf6 2. e5 Nd5 3. c4 Nb6 4. d4 d6 5. exd6 exd6 6. Nc3 Be7 7. Be3 Nc6 8. Bd3 O-O 9. Nf3 Nb4 10. Be2 Bf5 11. Rc1 Bf6 12. a3 Nc6 13. O-O a5 14. c5 dxc5 15. dxc5 Nd7 16. Nd4 Nxd4 17. Bxd4 Bxd4 18. Qxd4 Qf6 19. Qf4 c6 20. Na4 Rfe8 21. Bf3 Ne5 22. Be4 Bxe4 23. Qxe4 Ng6 24. Qc2 Rad8 25. Rcd1 Nf4 26. Nc3 Rxd1 27. Rxd1 Qe5 28. Qe4 Qb8 29. Qf3 Qe5 30. g3 Qe1+ 0-1

[Event "CAN-op U2000 (Pinnacle 48th CAN Op Ch)"]
[Site "Toronto CAN"]
[Date "2011.07.17"]
[Round "9"]
[White "Dowling, Bruce"]
[Black "Nasir, Zehn"]
[Result "0-1"]
[WhiteElo "1847"]
[BlackElo "1686"]
[PlyCount "110"]
[GameId "2160767909703811"]
[EventDate "2011.07.09"]
[EventType "swiss"]
[EventRounds "9"]
[EventCountry "CAN"]
[SourceTitle "EXT 2022"]
[Source "ChessBase"]
[SourceDate "2021.10.06"]
[SourceVersion "1"]
[SourceVersionDate "2021.10.06"]
[SourceQuality "1"]

1. f4 d5 2. Nf3 Nc6 3. e3 Bg4 4. Be2 e6 5. Ne5 Nxe5 6. fxe5 Bxe2 7. Qxe2 Ne7 8. Qb5+ Nc6 9. Qxb7 Nxe5 10. Qb5+ c6 11. Qe2 Qh4+ 12. g3 Qe4 13. O-O Qxc2 14. Nc3 Be7 15. Qa6 O-O 16. d4 Ng4 17. Qe2 Qxe2 18. Nxe2 Bg5 19. Nf4 Rfc8 20. b4 Be7 21. Bd2 Nf6 22. Rfc1 Ne4 23. Be1 Rab8 24. Nd3 Rb6 25. Rc2 Ra6 26. Rac1 Ra3 27. Ne5 Rxe3 28. Nxc6 Kf8 29. b5 Ba3 30. Bb4+ Bxb4 31. Nxb4 Rxc2 32. Rxc2 Rc3 33. Rb2 Rc7 34. Kf1 Rb7 35. Nc6 Nc3 36. Rb3 Nxb5 37. Na5 Rb6 38. Rb4 Nc3 39. a3 Rxb4 40. axb4 Ke8 41. Ke1 Nb5 42. Nb3 Ke7 43. Kd2 Kf6 44. Kd3 Kf5 45. h3 h5 46. Ke3 e5 47. dxe5 Kxe5 48. Kd3 Nd6 49. Na5 Nb5 50. Nb3 g5 51. Ke3 f5 52. Kd3 h4 53. gxh4 gxh4 54. Ke3 f4+ 55. Kf3 Nd4+ 0-1

[Event "CAN-op U2000 (Pinnacle 48th CAN Op Ch)"]
[Site "Toronto CAN"]
[Date "2011.07.17"]
[Round "9"]
[White "Garel, Rick"]
[Black "Yang, Yimang"]
[Result "1/2-1/2"]
[WhiteElo "1942"]
[BlackElo "1706"]
[PlyCount "55"]
[GameId "2160767909703812"]
[EventDate "2011.07.09"]
[EventType "swiss"]
[EventRounds "9"]
[EventCountry "CAN"]
[SourceTitle "EXT 2022"]
[Source "ChessBase"]
[SourceDate "2021.10.06"]
[SourceVersion "1"]
[SourceVersionDate "2021.10.06"]
[SourceQuality "1"]

1. e4 c5 2. Nf3 d6 3. d4 cxd4 4. Nxd4 Nf6 5. Nc3 a6 6. Be2 e5 7. Nb3 Be7 8. O-O O-O 9. Be3 Be6 10. f4 b5 11. f5 Bxb3 12. axb3 Nbd7 13. Bf3 Nc5 14. b4 Ncd7 15. g4 Nb6 16. b3 d5 17. exd5 Bxb4 18. Na2 Nbxd5 19. Nxb4 Nxe3 20. Qe2 Nxf1 21. Bxa8 Nxh2 22. Kxh2 Qxa8 23. Rxa6 Qe4 24. Qxe4 Nxe4 25. Rb6 Nc3 26. Rc6 Ne4 27. Rb6 Nc3 28. Rc6 1/2-1/2

[Event "CAN-op U2000 (Pinnacle 48th CAN Op Ch)"]
[Site "Toronto CAN"]
[Date "2011.07.17"]
[Round "9"]
[White "Gillis, Doug"]
[Black "Sametova, Zhanna"]
[Result "1/2-1/2"]
[WhiteElo "1616"]
[BlackElo "1647"]
[PlyCount "80"]
[GameId "2160767909703813"]
[EventDate "2011.07.09"]
[EventType "swiss"]
[EventRounds "9"]
[EventCountry "CAN"]
[SourceTitle "EXT 2022"]
[Source "ChessBase"]
[SourceDate "2021.10.06"]
[SourceVersion "1"]
[SourceVersionDate "2021.10.06"]
[SourceQuality "1"]

1. d4 Nf6 2. Nc3 c5 3. d5 d6 4. e4 g6 5. Nf3 Bg7 6. Bb5+ Bd7 7. O-O O-O 8. Re1 Bg4 9. h3 Bxf3 10. Qxf3 a6 11. Bf1 Nbd7 12. Bf4 b5 13. Rad1 Ne8 14. Qe3 b4 15. Na4 Qa5 16. b3 Bd4 17. Rxd4 cxd4 18. Qxd4 Nc5 19. Bh6 e5 20. dxe6 Nxe6 21. Qb6 Qe5 22. Bxf8 Kxf8 23. Qe3 Nd4 24. Bd3 Nf6 25. Nb6 Re8 26. Nc4 Qc5 27. Qf4 Re6 28. Kf1 g5 29. Qc1 h6 30. a4 a5 31. Qd1 Qc7 32. Kg1 Qe7 33. Kf1 Qc7 34. Nd2 d5 35. Kg1 dxe4 36. Bc4 Rd6 37. Nxe4 Nxe4 38. Rxe4 Nf5 39. Qe1 Qd8 40. Bf1 Rd7 1/2-1/2